| 000 | 00476nam a2200145 i 4500 | ||
|---|---|---|---|
| 001 | 20529 | ||
| 003 | ES-MaACL | ||
| 007 | t| | ||
| 008 | 021113s1983 xxk ||||1| eng d | ||
| 100 | 1 |
_aAhlfors, Lars V. _918934 |
|
| 245 | 1 | 0 |
_aComplex analysis _b: an introduction to the theory of analytic functions of one complex variable / _cLars V. Ahlfors. |
| 260 |
_aAuckland, etc. : _bMcGraw-Hill, _c[1983] |
||
| 300 |
_aXIV, 331 p. ; _c21 cm. |
||
| 852 |
_aES-MaACL _jL-7447 _bR.108127 |
||
| 999 |
_c20529 _d20529 |
||